Civil liberty: The NCCL guide to your rights (Record no. 28070)

MARC details
000 -LEADER
fixed length control field 00309nam a2200121Ia 4500
082 ## - DEWEY DECIMAL CLASSIFICATION NUMBER
Classification number 342.72/.73
Item number GRA
100 ## - MAIN ENTRY--AUTHOR NAME
Personal name GRANT, Lawrence
245 #0 - TITLE STATEMENT
Title Civil liberty: The NCCL guide to your rights
250 ## - EDITION STATEMENT
Edition statement 3
260 ## - PUBLICATION, DISTRIBUTION, ETC. (IMPRINT)
Place of publication England
Name of publisher Penguin
Year of publication 1972
942 ## - ADDED ENTRY ELEMENTS (KOHA)
Koha item type Books
Holdings
Withdrawn status Lost status Damaged status Not for loan Home library Current library Date acquired Full call number Accession Number Koha item type
        RRII Library RRII Library 16/12/2021 342.72/.73 GRA 08679 Books